Geografía económica (Record no. 103723)

MARC details
000 -LEADER
campo de control de longitud fija 00800nam a2200169 i 4500
001 - NÚMERO DE CONTROL
campo de control 103723
003 - IDENTIFICADOR DE NÚMERO DE CONTROL
campo de control ES-MaACL
005 - FECHA Y HORA DE LA ÚLTIMA TRANSACCIÓN
campo de control 20230906183431.0
007 - CAMPO FIJO DE DESCRIPCIÓN FÍSICA--INFORMACIÓN GENERAL
campo de control de longitud fija t|
008 - DATOS DE LONGITUD FIJA--INFORMACIÓN GENERAL
campo de control de longitud fija 051117s1913 sp ||||1| spa d
100 1# - ENTRADA PRINCIPAL--NOMBRE DE PERSONA
Nombre de persona Merino Alvarez, Abelardo.
9 (RLIN) 80534
245 10 - MENCIÓN DEL TÍTULO
Título Geografía económica
Resto del título : estudio geográfico, industrial, mercantil y administrativo-militar de todas las regiones del globo excepto Berbería y la Península Ibérica /
Mención de responsabilidad, etc. por Abelardo Merino Alvarez.
260 ## - PUBLICACIÓN, DISTRIBUCIÓN, ETC.
Lugar de publicación, distribución, etc. Madrid :
Nombre del editor, distribuidor, etc. [s.n.],
Fecha de publicación, distribución, etc. 1913 (
Fabricante Imp. del Cuerpo de Intendencia Militar)
300 ## - DESCRIPCIÓN FÍSICA
Extensión 2 v. ;
Dimensiones 23 cm.
505 8# - NOTA DE CONTENIDO CON FORMATO
Nota de contenido con formato Contiene: I.- Europa. Africa -- II.- Asia. América del Norte. América del Sur. Los restos del continente austral. Las pequeñas islas del Pacifico. Las tierras polares
852 ## - LOCALIZACIÓN
Ubicación ES-MaACL
Número de control de estantería B-1211-12
Holdings
Estatus retirado Estado de pérdida Estado de daño No para préstamo Biblioteca de origen Biblioteca actual Ubicación en estantería Fecha de adquisición Fuente de adquisición Total de préstamos Signatura topográfica completa Código de barras Visto por última vez Precio de reemplazo Tipo de ítem Koha
        Biblioteca del Ateneo de Madrid Biblioteca del Ateneo de Madrid Sala Pardo Bazán 17/01/2008     B-1211-12 1108294 23/02/2023 23/02/2023 Libro impreso